Southern Constellations - Statistics

General Stats
  • This quiz has been taken 25 times
  • The average score is 22 of 51
Answer Stats
Answer % Correct
Ara
60%
Crux
60%
Horologium
60%
Mensa
60%
Musca
60%
Octans
60%
Puppis
60%
Vela
60%
Antlia
50%
Aquarius
50%
Canis Major
50%
Carina
50%
Dorado
50%
Fornax
50%
Grus
50%
Hydra
50%
Hydrus
50%
Indus
50%
Libra
50%
Lupus
50%
Microscopium
50%
Pavo
50%
Pictor
50%
Pyxis
50%
Reticulum
50%
Sagittarius
50%
Triangulum Australe
50%
Apus
40%
Capricornus
40%
Corona Australis
40%
Lepus
40%
Phoenix
40%
Piscis Austrinus
40%
Scutum
40%
Sextans
40%
Telescopium
40%
Virgo
40%
Volans
40%
Caelum
30%
Centaurus
30%
Chamaeleon
30%
Circinus
30%
Columba
30%
Corvus
30%
Crater
30%
Eridanus
30%
Ophiuchus
30%
Sculptor
30%
Tucana
30%
Cetus
20%
Norma
20%
No matching quizzes found
Score Distribution
Percent of People with Each Score
Percentile by Number Answered
Your Score History
You have not taken this quiz